[Event "Olimpiade 2014 - Open"]
[Site "Tromsø"]
[Date "04.08.2014"]
[Round "3.38"]
[Board "2"]
[White "Berend, Elvira"]
[Black "Kassis, Antoine LIB"]
[Result "1/2-1/2"]
[WhiteTitle "WGM"]
[BlackTitle "FM"]
[WhiteElo "2330"]
[BlackElo "2157"]
[WhiteTeam "Luxembourg"]
[BlackTeam "Lebanon"]
[WhiteFideId "4000510"]
[BlackFideId "5300150"]
[EventDate "2014.08.02"]

1. e4 c5 2. Nf3 d6 3. d4 cxd4 4. Nxd4 Nf6 5. Nc3 g6 6. Be2 Bg7 7. O-O O-O 8. Bg5
Nc6 9. Nb3 Be6 10. f4 Na5 11. f5 Bc4 12. Kh1 b5 13. Nxa5 Qxa5 14. Bxc4 bxc4 15.
Qe2 Rac8 16. Bxf6 Bxf6 17. Nd5 Qd8 18. c3 Bg7 19. Rad1 Re8 20. Qf2 e6 21. fxe6
fxe6 22. Nf4 Qe7 23. Qe2 Rc5 24. g3 Qc7 25. Qd2 Be5 26. Ng2 Qb7 27. Qe2 Qe7 28.
Ne3 Qc7 29. Ng4 Bg7 30. Rf3 Qe7 31. Rdf1 Rf8 32. Rxf8+ Bxf8 33. e5 Bg7 34. Qf3
Bxe5 35. Nh6+ Kg7 36. Nf7 Rc8 37. Nxe5 dxe5 38. Qe2 Qd6 39. Rd1 Qc6+ 40. Kg1
Qb6+ 41. Kg2 Qb7+ 42. Kh3 Rc5 43. Qe3 Qc7 44. Qe4 Qf7 45. Kg2 Rb5 46. Rd2 Qb7
47. Qxb7+ Rxb7 48. Kf3 Kf6 49. Ke4 Rb5 50. Rf2+ Ke7 51. Rd2 Kf6 52. Rf2+ Ke7 1/2-1/2

[Event "Olimpiade 2014 - Open"]
[Site "Tromsø"]
[Date "04.08.2014"]
[Round "3.38"]
[Board "3"]
[White "El Jawich, Amro"]
[Black "Berend, Fred"]
[Result "1-0"]
[WhiteTitle "FM"]
[BlackTitle "IM"]
[WhiteElo "2186"]
[BlackElo "2380"]
[WhiteTeam "Lebanon"]
[BlackTeam "Luxembourg"]
[WhiteFideId "5300380"]
[BlackFideId "4000102"]
[EventDate "2014.08.02"]

1. e4 e6 2. d3 c5 3. Nf3 Nc6 4. g3 Nf6 5. Bg2 d5 6. Qe2 Be7 7. O-O O-O 8. e5 Nd7
9. c4 d4 10. Re1 Rb8 11. h4 a6 12. Bf4 b5 13. Ng5 Bb7 14. cxb5 axb5 15. Be4 Bxg5
16. hxg5 Ne7 17. Nd2 Ng6 18. Bxb7 Rxb7 19. Kg2 Qa8 20. Rh1 Ra7+ 21. Ne4 f5 22.
gxf6 gxf6 23. Rxh7 Kxh7 24. Qh5+ Kg7 25. Qh6+ Kf7 26. Qh7+ Ke8 27. Qxg6+ Kd8 28.
exf6 Kc8 29. Bd6 Rd8 30. Rc1 c4 31. f7 Qd5 32. Qg5 Nf8 33. Be7 Qxg5 34. Bxg5
Rdd7 35. dxc4 Rac7 36. c5 Rd5 37. Bh6 Rxf7 38. Nd6+ Rxd6 39. cxd6+ Kd8 40. Bg5+
Kd7 41. Rc7+ Ke8 42. Be7 d3 43. Rc3 Ng6 44. Rxd3 Nxe7 45. dxe7 Kxe7 46. f4 Rf5
47. Kf3 Rc5 48. Re3 Kf6 49. Re5 Rxe5 50. fxe5+ Kxe5 51. Ke3 Kf5 52. a3 Ke5 53.
b3 Kd5 54. a4 bxa4 55. bxa4 1-0

[Event "Olimpiade 2014 - Open"]
[Site "Tromsø"]
[Date "04.08.2014"]
[Round "3.38"]
[Board "4"]
[White "Gengler, Pierre"]
[Black "Chahrour, Ibrahim"]
[Result "1/2-1/2"]
[BlackTitle "FM"]
[WhiteElo "2173"]
[BlackElo "2170"]
[WhiteTeam "Luxembourg"]
[BlackTeam "Lebanon"]
[WhiteFideId "4000714"]
[BlackFideId "5301653"]
[EventDate "2014.08.02"]

1. e4 d6 2. d4 Nf6 3. Nc3 g6 4. Be3 c6 5. h3 b5 6. e5 Nfd7 7. exd6 e6 8. d5 cxd5
9. Nxb5 Na6 10. Qd4 Rg8 11. Qa4 Bg7 12. Nf3 Kf8 13. Be2 Nb6 14. Qa5 Bb7 15. Nxa7
Nc4 16. Qxd8+ Rxd8 17. Bxc4 dxc4 18. O-O-O Bd5 19. Nb5 Ke8 20. Rhe1 Kd7 21. a4
Ra8 22. Bb6 Kc6 23. Bd4 f6 24. Be3 Nb4 25. Nfd4+ Kd7 26. b3 Rgc8 27. Bd2 cxb3
28. Bxb4 bxc2 29. Nxc2 Rxa4 30. Rxd5 Rxb4 31. Na3 exd5 32. Re7+ Kxd6 33. Rxg7
Rb3 34. Ra7 Rc7 35. Rxc7 Kxc7 36. Nb1 Kd6 37. Nd2 Rb7 38. Nf3 Ra7 39. Nfd4 Ra8
40. Kd2 Re8 41. Kd3 Ra8 42. Ne2 Ra2 43. f3 Ra8 44. Nc3 Kc5 45. Nd4 Re8 46. Nb3+
Kd6 47. Nb5+ Kc6 48. N5d4+ Kd6 49. Nc2 Rb8 50. Nd2 Rb7 51. Nd4 Rb8 52. Nf1 Ra8
53. Nc2 Kc5 54. Nfe3 Rb8 55. Nd4 Ra8 56. Ndc2 Rb8 57. Nd4 Ra8 58. Ndc2 Rb8 59.
Nd4 1/2-1/2

[Event "Olimpiade 2014 - Open"]
[Site "Tromsø"]
[Date "04.08.2014"]
[Round "3.39"]
[Board "1"]
[White "Guevara, Carlos"]
[Black "Gaealafshwe, Barileng"]
[Result "1-0"]
[BlackTitle "CM"]
[WhiteElo "2218"]
[BlackElo "2222"]
[WhiteTeam "Nicaragua"]
[BlackTeam "Botswana"]
[WhiteFideId "6100252"]
[BlackFideId "11300310"]
[EventDate "2014.08.02"]

1. d4 d5 2. Nf3 Nf6 3. g3 c6 4. Bg2 Bg4 5. Ne5 Bf5 6. Nd2 e6 7. O-O Nbd7 8. c4
Be7 9. Qb3 Qb6 10. Nxd7 Nxd7 11. cxd5 exd5 12. Qe3 Qd8 13. Qf4 Bg6 14. Nf3 O-O
15. Bd2 Re8 16. Rfe1 Nf6 17. Bc3 Bd6 18. Qc1 h6 19. a4 a5 20. Ne5 Bxe5 21. dxe5
Nd7 22. f4 f6 23. exf6 Nxf6 24. Bd4 Ne4 25. Rf1 Qd7 26. Ra3 Nd6 27. Bf3 Bf5 28.
g4 Be4 29. f5 Nf7 30. Rc3 Bxf3 31. exf3 Re2 32. Re3 Rxe3 33. Qxe3 c5 34. Bxc5
Qxa4 35. Re1 Rc8 36. Bd4 Rc4 37. b3 1-0

[Event "Olimpiade 2014 - Open"]
[Site "Tromsø"]
[Date "04.08.2014"]
[Round "3.39"]
[Board "2"]
[White "Njobvu, Ignatius"]
[Black "Garcia, Ricardo NCA"]
[Result "0-1"]
[WhiteTitle "FM"]
[BlackTitle "FM"]
[WhiteElo "2193"]
[BlackElo "2215"]
[WhiteTeam "Botswana"]
[BlackTeam "Nicaragua"]
[WhiteFideId "11300132"]
[BlackFideId "6104347"]
[EventDate "2014.08.02"]

1. d4 Nf6 2. c4 e6 3. Nc3 d5 4. Bg5 Nbd7 5. cxd5 exd5 6. e3 Be7 7. Bd3 O-O 8.
Nge2 Re8 9. Qc2 c6 10. h3 Nf8 11. O-O-O b5 12. Kb1 Bd7 13. Ng3 b4 14. Na4 g6 15.
h4 h5 16. f3 Rc8 17. Nc5 N6h7 18. Bxe7 Rxe7 19. e4 Ne6 20. Ne2 Nxc5 21. Qxc5
dxe4 22. Bxe4 Nf6 23. Ng3 Nxe4 24. fxe4 Bg4 25. Rd2 Rb7 26. b3 Rb5 27. Qc1 a5
28. Nf1 Qe7 29. Qc2 c5 30. d5 a4 31. bxa4 b3 32. axb3 Rb4 33. Ne3 c4 34. d6 Qb7
35. Nxg4 Rxb3+ 36. Kc1 hxg4 37. d7 Rd8 38. Rd5 Qb4 39. Rhd1 Rc3 40. R1d2 Rxc2+
41. Rxc2 Qxa4 42. Rd4 Qa1+ 0-1

[Event "Olimpiade 2014 - Open"]
[Site "Tromsø"]
[Date "04.08.2014"]
[Round "3.39"]
[Board "3"]
[White "Ortiz, Marcos"]
[Black "Khetho, Phemelo"]
[Result "1-0"]
[BlackTitle "FM"]
[WhiteElo "2214"]
[BlackElo "2195"]
[WhiteTeam "Nicaragua"]
[BlackTeam "Botswana"]
[WhiteFideId "6100678"]
[BlackFideId "11300280"]
[EventDate "2014.08.02"]

1. e4 d6 2. d4 g6 3. Nc3 Bg7 4. f4 a6 5. Nf3 b5 6. Bd3 Nd7 7. e5 e6 8. Ne4 d5 9.
Nf2 c5 10. c3 cxd4 11. Nxd4 Ne7 12. Be3 Nb6 13. b3 Bd7 14. O-O O-O 15. Qg4 Nbc8
16. Qh3 Nc6 17. Ng4 h5 18. Nf2 f5 19. exf6 Qxf6 20. Nxc6 Bxc6 21. Bd4 Qf7 22.
Bxg7 Kxg7 23. Qe3 Qxf4 24. Qxe6 Qd6 25. Qe3 Re8 26. Qd2 Ne7 27. Nh3 Bd7 28. Nf4
Rf8 29. Rae1 Rae8 30. Bb1 Rf6 31. Qd4 Qb6 32. Ne6+ 1-0

[Event "Olimpiade 2014 - Open"]
[Site "Tromsø"]
[Date "04.08.2014"]
[Round "3.39"]
[Board "4"]
[White "Notha, Moakofi"]
[Black "Madrigal, Mariano"]
[Result "1/2-1/2"]
[BlackTitle "IM"]
[WhiteElo "2070"]
[BlackElo "2156"]
[WhiteTeam "Botswana"]
[BlackTeam "Nicaragua"]
[WhiteFideId "11300710"]
[BlackFideId "6100961"]
[EventDate "2014.08.02"]

1. c4 c5 2. Nf3 g6 3. g3 Bg7 4. Bg2 Nc6 5. Nc3 e6 6. O-O Nge7 7. e3 Nf5 8. Ne2
d5 9. cxd5 exd5 10. d4 cxd4 11. Nfxd4 Nfxd4 12. Nxd4 Nxd4 13. exd4 O-O 14. Be3
Be6 15. Qb3 Qd7 16. Rfc1 Rac8 17. Qa3 b6 18. b3 h5 19. h4 Rfe8 20. Rxc8 Rxc8 21.
Rc1 Rc7 22. Qb2 Qc8 23. Rxc7 Qxc7 24. Bf4 Qc6 25. Qd2 Kh7 26. Kh2 Bf5 27. Be5
Bxe5 28. dxe5 Be6 29. f4 Kg7 30. f5 Bxf5 31. Bxd5 Qc2 32. Qxc2 Bxc2 33. Kg2 f6
34. exf6+ Kxf6 35. Kf3 Ke5 1/2-1/2

[Event "Olimpiade 2014 - Open"]
[Site "Tromsø"]
[Date "04.08.2014"]
[Round "3.40"]
[Board "1"]
[White "Mucongoma, Miguel Jose Maconi"]
[Black "Mandizha, Farai"]
[Result "0-1"]
[WhiteTitle "FM"]
[BlackTitle "IM"]
[WhiteElo "2194"]
[BlackElo "2388"]
[WhiteTeam "Mozambique"]
[BlackTeam "Zimbabwe"]
[WhiteFideId "14800080"]
[BlackFideId "11000430"]
[EventDate "2014.08.02"]

1. Nf3 Nc6 2. c4 e5 3. Nc3 Nf6 4. d4 exd4 5. Nxd4 Bb4 6. e3 O-O 7. Be2 Ne4 8.
Qc2 Qe7 9. Nxc6 dxc6 10. Bd3 f5 11. Bxe4 fxe4 12. Bd2 Bf5 13. Ne2 Bxd2+ 14. Qxd2
Rad8 15. Qc1 Bg4 16. Qc2 Bxe2 17. Kxe2 Qf7 18. Raf1 Rd3 19. f3 Rfd8 20. fxe4 Qd7
21. Kf3 Rd2 22. Qc3 Qf7+ 23. Kg3 Qg6+ 24. Kh3 Qxg2+ 25. Kh4 R8d6 0-1

[Event "Olimpiade 2014 - Open"]
[Site "Tromsø"]
[Date "04.08.2014"]
[Round "3.40"]
[Board "2"]
[White "Makoto, Rodwell"]
[Black "Calicoca, Wilton Inacio"]
[Result "1-0"]
[WhiteTitle "IM"]
[WhiteElo "2279"]
[BlackElo "2218"]
[WhiteTeam "Zimbabwe"]
[BlackTeam "Mozambique"]
[WhiteFideId "11000120"]
[BlackFideId "14800268"]
[EventDate "2014.08.02"]

1. Nf3 Nf6 2. c4 c5 3. g3 b6 4. Bg2 Bb7 5. O-O g6 6. Nc3 Bg7 7. d4 cxd4 8. Qxd4
O-O 9. Qh4 Re8 10. Bh6 Bh8 11. Rfd1 d6 12. Rac1 Nbd7 13. Bh3 Bxf3 14. exf3 Rc8
15. Nd5 Nxd5 16. cxd5 Bxb2 17. Rxc8 Qxc8 18. Qa4 Nc5 19. Qb5 Qb8 20. Qxb2 f6 21.
Be3 Qc7 22. Qb5 Rb8 23. Qc6 Qxc6 24. dxc6 f5 25. Bxc5 bxc5 26. f4 Kf8 27. Bf1
Rb6 28. Bg2 Ke8 29. Bd5 Kd8 30. h4 e6 31. Bxe6 Rxc6 32. Bg8 Ke7 33. Bxh7 Kf6 34.
Bg8 c4 35. Rc1 c3 36. Kf1 Rc5 37. Ke2 d5 38. Kd3 Ra5 39. Rc2 1-0

[Event "Olimpiade 2014 - Open"]
[Site "Tromsø"]
[Date "04.08.2014"]
[Round "3.40"]
[Board "3"]
[White "Maia, Mariano Tesoura De"]
[Black "Masango, Spencer"]
[Result "0-1"]
[WhiteElo "2141"]
[BlackElo "2155"]
[WhiteTeam "Mozambique"]
[BlackTeam "Zimbabwe"]
[WhiteFideId "14800136"]
[BlackFideId "14300753"]
[EventDate "2014.08.02"]

1. d4 d5 2. c4 c6 3. Nc3 Nf6 4. Nf3 dxc4 5. a4 Bf5 6. e3 e6 7. Bxc4 Bb4 8. Qb3
Qe7 9. O-O O-O 10. Ne5 a5 11. f3 c5 12. Na2 cxd4 13. Nxb4 axb4 14. e4 Bg6 15.
Bd2 Qc7 16. Nxg6 hxg6 17. Bxb4 Rc8 18. Rac1 Nc6 19. Bb5 Qb8 20. Be1 Qf4 21. Bg3
Qg5 22. Bf2 Nh5 23. g3 Ne5 24. Rcd1 d3 25. Kg2 Nf4+ 26. Kh1 Nxf3 27. gxf4 Qh5
28. h4 Qg4 0-1

[Event "Olimpiade 2014 - Open"]
[Site "Tromsø"]
[Date "04.08.2014"]
[Round "3.41"]
[Board "1"]
[White "Baburin, Alexander"]
[Black "Nadir, Samir"]
[Result "0-1"]
[WhiteTitle "GM"]
[BlackTitle "CM"]
[WhiteElo "2502"]
[BlackElo "2141"]
[WhiteTeam "Ireland"]
[BlackTeam "Sudan"]
[WhiteFideId "2500914"]
[BlackFideId "12200085"]
[EventDate "2014.08.02"]

1. d4 d5 2. c4 e6 3. Nf3 c6 4. Qc2 f5 5. g3 Nf6 6. Bg2 Bd6 7. O-O O-O 8. b3 Ne4
9. Bb2 Nd7 10. Nbd2 Qf6 11. c5 Bc7 12. b4 a6 13. e3 g5 14. a4 g4 15. Ne1 Qg5 16.
Nd3 Rf6 17. Nf4 Rh6 18. f3 Nef6 19. fxg4 Nxg4 20. Nf3 Qe7 21. Rae1 Nf8 22. h3
Nf6 23. Ne5 Bd7 24. Qe2 Ng6 25. Nfxg6 hxg6 26. h4 Kg7 27. e4 dxe4 28. d5 cxd5
29. Ng4 Rf8 30. Nxh6 Kxh6 31. Qe3+ Kh7 32. Qg5 Rf7 33. a5 Ng4 34. Qxe7 Rxe7 35.
Bh3 Bxg3 36. Bxg4 Bxe1 37. Rxe1 fxg4 38. Be5 Bb5 39. Kg2 Rf7 40. Kg3 Rf5 41. Bd6
Bd3 42. Kxg4 e5 43. Kg3 Kh6 44. Rd1 d4 45. Rd2 e3 0-1

[Event "Olimpiade 2014 - Open"]
[Site "Tromsø"]
[Date "04.08.2014"]
[Round "3.41"]
[Board "2"]
[White "Yaaqoub, Rashid"]
[Black "Collins, Sam E."]
[Result "0-1"]
[WhiteTitle "FM"]
[BlackTitle "IM"]
[WhiteElo "2164"]
[BlackElo "2495"]
[WhiteTeam "Sudan"]
[BlackTeam "Ireland"]
[WhiteFideId "12200336"]
[BlackFideId "2501198"]
[EventDate "2014.08.02"]

1. e4 e5 2. Nf3 Nc6 3. Bc4 Bc5 4. d3 Nf6 5. c3 d6 6. Bb3 a6 7. Nbd2 h6 8. O-O
O-O 9. h3 Ba7 10. Re1 Nh5 11. Nc4 Nf4 12. Ne3 Qf6 13. Nd5 Nxd5 14. Bxd5 Be6 15.
Bxc6 bxc6 16. d4 exd4 17. Nxd4 Bd7 18. Qd3 Rfe8 19. Bd2 Qg6 20. Qf3 Rab8 21. b3
a5 22. Nf5 d5 23. Nh4 Qd6 24. exd5 Qxd5 25. Rad1 Rxe1+ 26. Bxe1 Qe6 27. Qd3 Re8
28. Nf3 Bc8 29. c4 Bb6 30. Bc3 Qf5 31. Qxf5 Bxf5 32. Ne5 a4 33. b4 c5 34. bxc5
Bxc5 35. Rd5 Bf8 36. Ra5 a3 37. c5 Be6 38. Rxa3 Bxc5 39. Ra5 Bb6 40. Ra4 Rd8 41.
Kf1 Rd1+ 42. Ke2 Rc1 43. Bd4 Rc2+ 44. Kd3 Bf5+ 45. Ke3 c5 46. Ba1 Be6 47. Ra6
Rxa2 48. Rxa2 Bxa2 49. f4 f6 50. Nd7 Ba7 51. g4 Kf7 52. g5 hxg5 53. fxg5 Be6 54.
gxf6 Bxd7 55. fxg7 Bxh3 56. Kf4 Be6 57. Kg5 Ke7 58. Kg6 Bg8 59. Kf5 Bb8 60. Bf6+
Kf7 61. Bb2 Bh7+ 62. Kg5 Ke6 63. Kh6 Bg8 64. Kg5 Be5 65. Ba3 c4 66. Kg4 Bxg7 67.
Kf4 Kd5 68. Ke3 Bh6+ 69. Ke2 Ke5 0-1

[Event "Olimpiade 2014 - Open"]
[Site "Tromsø"]
[Date "04.08.2014"]
[Round "3.41"]
[Board "3"]
[White "Astaneh Lopez, Alex"]
[Black "Ahmed, Abuzied"]
[Result "0-1"]
[WhiteTitle "IM"]
[WhiteElo "2419"]
[BlackElo "2154"]
[WhiteTeam "Ireland"]
[BlackTeam "Sudan"]
[WhiteFideId "2501430"]
[BlackFideId "12200590"]
[EventDate "2014.08.02"]

1. d4 g6 2. c4 Bg7 3. Nc3 c5 4. d5 Bxc3+ 5. bxc3 f5 6. h4 d6 7. h5 Qa5 8. Qc2
gxh5 9. Nh3 Nf6 10. Nf4 Nbd7 11. e3 Ne5 12. Rb1 Qa6 13. Nxh5 Nxh5 14. Rxh5 Bd7
15. f4 Nxc4 16. a4 e6 17. e4 exd5 18. exd5 O-O-O 19. Rxf5 Bxf5 20. Qxf5+ Kb8 21.
Qc2 Ka8 22. Bd3 h5 23. Kf2 h4 24. Bf1 Rde8 25. Qa2 Re4 26. Bd3 Rhe8 27. Qb3 Nd2
28. Bxd2 c4 29. Bxc4 Rxc4 30. Kg1 Rxa4 31. f5 Ra1 32. f6 Rxb1+ 33. Qxb1 Qe2 34.
Bh6 Qh5 35. Qb5 h3 36. gxh3 a6 37. Qd7 Re1+ 38. Kf2 Re2+ 39. Kg3 Qxh6 40. f7
Re3+ 41. Kg2 Qg6+ 0-1

[Event "Olimpiade 2014 - Open"]
[Site "Tromsø"]
[Date "04.08.2014"]
[Round "3.41"]
[Board "4"]
[White "Abdel Wahab, Elkhatem"]
[Black "Daly, Colm"]
[Result "1/2-1/2"]
[BlackTitle "FM"]
[WhiteElo "2093"]
[BlackElo "2323"]
[WhiteTeam "Sudan"]
[BlackTeam "Ireland"]
[WhiteFideId "12200239"]
[BlackFideId "2500434"]
[EventDate "2014.08.02"]

1. e4 c5 2. Nf3 e6 3. d4 cxd4 4. Nxd4 a6 5. Bd3 Nf6 6. O-O d6 7. Bg5 Nbd7 8. Nc3
b5 9. Qf3 Bb7 10. Qh3 Rc8 11. Rae1 Be7 12. a3 Ne5 13. Kh1 Nc4 14. Nd1 Nd7 15.
Bc1 Bf6 16. Ne2 Nce5 17. Ne3 Nc5 18. Ng4 Nxg4 19. Qxg4 h5 20. Qf4 Nxd3 21. cxd3
h4 22. h3 Rc2 23. d4 O-O 24. e5 dxe5 25. dxe5 Qd5 26. Qg4 Bxe5 27. Nf4 Bxf4 28.
Bxf4 Rc4 29. f3 Qd4 30. Be5 Qxg4 31. hxg4 Rfc8 32. Re3 f6 33. Bc3 Kf7 34. Rd1
Bd5 35. Kh2 g5 36. Rd2 Ra8 37. Red3 a5 38. Rd4 Rxd4 39. Rxd4 Ke7 40. f4 gxf4 41.
Rxf4 e5 42. Rf5 Be6 43. Rh5 Bxg4 44. Rxh4 Bd1 45. g4 Ke6 46. g5 f5 47. Rh6+ Kd5
48. g6 Rg8 49. Bxa5 Bc2 50. Bc3 Ke4 51. Rh4+ Kd5 52. Rh6 Be4 53. Kh3 Bf3 54. Kh4
f4 55. Kg5 Be4 56. Kf6 f3 57. Be1 Rf8+ 58. Ke7 Rg8 59. Kf7 Rxg6 60. Rxg6 Bxg6+
61. Kxg6 Ke4 62. b3 Kd3 63. a4 bxa4 64. bxa4 e4 65. a5 e3 66. a6 f2 67. Bxf2
exf2 68. a7 1/2-1/2

[Event "Olimpiade 2014 - Open"]
[Site "Tromsø"]
[Date "04.08.2014"]
[Round "3.43"]
[Board "1"]
[White "Machin Rivera, Mark"]
[Black "Munoz Santana, Jose Lisandro"]
[Result "1/2-1/2"]
[WhiteTitle "FM"]
[BlackTitle "IM"]
[WhiteElo "2341"]
[BlackElo "2438"]
[WhiteTeam "Puerto Rico"]
[BlackTeam "Dominican Republic"]
[WhiteFideId "3101126"]
[BlackFideId "6400361"]
[EventDate "2014.08.02"]

1. c4 e5 2. g3 Nc6 3. Bg2 Bc5 4. Nc3 d6 5. e3 Bf5 6. d3 Nge7 7. a3 a6 8. Nge2
Qd7 9. h3 O-O 10. g4 Bg6 11. e4 Nd4 12. Nxd4 Bxd4 13. Ne2 Ba7 14. O-O b5 15.
cxb5 Qxb5 16. Rb1 Qd7 17. d4 f6 18. d5 h5 19. Ng3 hxg4 20. hxg4 Rab8 21. Bf3 Bd4
22. b4 a5 23. Bd2 axb4 24. axb4 c6 25. dxc6 Qxc6 26. Nf5 Bxf5 27. gxf5 g6 28.
Qb3+ Kg7 29. Kg2 d5 30. exd5 Qd6 31. fxg6 f5 32. Rh1 Rh8 33. Rh7+ Rxh7 34. gxh7
e4 35. Bh5 Rh8 36. Bc3 Be5 37. f4 exf3+ 38. Bxf3 Rxh7 39. Rh1 Rxh1 40. Kxh1 Qh6+
41. Kg2 Qg5+ 42. Kf2 Qg3+ 43. Ke2 Nxd5 44. Qxd5 Bxc3 45. Qd7+ Kg6 46. Qe8+ Kg7
47. Qe7+ Kg6 48. Qe6+ Kg7 49. Qd7+ Kg6 50. Qc6+ Bf6 51. Qe8+ Kg7 52. Qd7+ 1/2-1/2

[Event "Olimpiade 2014 - Open"]
[Site "Tromsø"]
[Date "04.08.2014"]
[Round "3.43"]
[Board "2"]
[White "Puntier Andujar, William Staling"]
[Black "Almedina Ortiz, Edgardo J."]
[Result "1-0"]
[WhiteTitle "FM"]
[BlackTitle "FM"]
[WhiteElo "2333"]
[BlackElo "2277"]
[WhiteTeam "Dominican Republic"]
[BlackTeam "Puerto Rico"]
[WhiteFideId "6400299"]
[BlackFideId "3100197"]
[EventDate "2014.08.02"]

1. e4 e5 2. Nf3 Nc6 3. Bc4 Bc5 4. c3 Nf6 5. d3 a6 6. Nbd2 d6 7. Bb3 Be6 8. Qe2
O-O 9. Bc2 d5 10. exd5 Qxd5 11. Ne4 Nxe4 12. dxe4 Qd7 13. Ng5 Bg4 14. f3 Bh5 15.
g4 Bg6 16. h4 h5 17. Bd2 Rad8 18. O-O-O Qe7 19. Rdf1 Rd7 20. Kb1 Kh8 21. f4 f6
22. f5 Rfd8 23. Bc1 Bf7 24. Nxf7+ Qxf7 25. Bb3 Qe8 26. g5 g6 27. fxg6 Qxg6 28.
Rxf6 Rd2 29. Bxd2 Rxd2 30. Qc4 Na5 31. Rxg6 Nxc4 32. Bxc4 1-0

[Event "Olimpiade 2014 - Open"]
[Site "Tromsø"]
[Date "04.08.2014"]
[Round "3.43"]
[Board "3"]
[White "Montalvo Rosario, Alejandro"]
[Black "Abreu Jean, Carlos Paul"]
[Result "0-1"]
[WhiteTitle "IM"]
[BlackTitle "FM"]
[WhiteElo "2296"]
[BlackElo "2286"]
[WhiteTeam "Puerto Rico"]
[BlackTeam "Dominican Republic"]
[WhiteFideId "3100260"]
[BlackFideId "6405525"]
[EventDate "2014.08.02"]

1. d4 Nf6 2. c4 c5 3. d5 b5 4. a4 Qa5+ 5. Bd2 b4 6. Qc2 g6 7. e4 d6 8. Bd3 Bg7
9. Ra2 O-O 10. Ne2 e6 11. h3 exd5 12. exd5 Re8 13. b3 Nbd7 14. f4 Nh5 15. O-O f5
16. Bc1 Ndf6 17. Nd2 Bd7 18. Nf3 Re7 19. Ng5 Qd8 20. Qd1 h6 21. Nf3 Ne4 22. Bxe4
Rxe4 23. Kh2 Qe7 24. Ng3 Nxg3 25. Kxg3 Re8 26. Kh2 Kh7 27. Qd3 Bc3 28. Rc2 Bf6
29. Rff2 Kg7 30. Qd2 Kh7 31. Qd3 a6 32. Ra2 a5 33. Rac2 Kg7 34. Qd2 Kf7 35. Qd3
Qf8 36. Rce2 Rxe2 37. Rxe2 Re7 38. Rxe7+ Qxe7 39. Qe3 Qe4 40. Qxe4 fxe4 41. Ne1
e3 42. Bxe3 Bf5 43. g4 Be4 44. g5 Bc3 45. Ng2 h5 46. Nh4 Bc2 47. f5 Be5+ 48. Kg2
gxf5 49. Nf3 Bxb3 50. Bxc5 Bxc4 51. Nxe5+ dxe5 0-1

[Event "Olimpiade 2014 - Open"]
[Site "Tromsø"]
[Date "04.08.2014"]
[Round "3.43"]
[Board "4"]
[White "Michelen Rodriguez, Victor Isaac"]
[Black "Santana Otero, Orlando"]
[Result "1-0"]
[WhiteElo "2239"]
[BlackElo "2125"]
[WhiteTeam "Dominican Republic"]
[BlackTeam "Puerto Rico"]
[WhiteFideId "6401317"]
[BlackFideId "3100090"]
[EventDate "2014.08.02"]

1. c4 Nf6 2. Nc3 g6 3. g3 Bg7 4. Bg2 O-O 5. e4 d6 6. Nge2 Nbd7 7. O-O e5 8. h3
c6 9. Rb1 a5 10. a3 Nc5 11. d3 a4 12. Be3 Nfd7 13. f4 Qe7 14. f5 Rd8 15. Nc1 f6
16. g4 g5 17. h4 h6 18. hxg5 hxg5 19. Kf2 Kf7 20. Rh1 Rh8 21. Rxh8 Bxh8 22. N1e2
Bg7 23. Ng1 Bf8 24. Nf3 Kg8 25. Qd2 Ra6 26. Qc2 Qd8 27. Rh1 Qb6 28. Bf1 Qb3 29.
Qd2 b5 30. cxb5 cxb5 31. Bxg5 Bb7 32. Bh6 Be7 33. Bg7 Bf8 34. Bxf8 Nxf8 35. g5
d5 36. g6 Nxd3+ 37. Bxd3 dxe4 38. Qh6 1-0

[Event "Olimpiade 2014 - Open"]
[Site "Tromsø"]
[Date "04.08.2014"]
[Round "3.44"]
[Board "3"]
[White "Gerzhoy, Leonid"]
[Black "Wiwatanadate, Poompong"]
[Result "0-1"]
[WhiteTitle "IM"]
[WhiteElo "2473"]
[BlackElo "2106"]
[WhiteTeam "Canada"]
[BlackTeam "Thailand"]
[WhiteFideId "2806126"]
[BlackFideId "6201083"]
[EventDate "2014.08.02"]

1. Nf3 d5 2. d4 c6 3. c4 Nf6 4. Nc3 a6 5. Qb3 e6 6. g3 b5 7. c5 a5 8. Bg2 Nbd7
9. O-O Be7 10. Re1 b4 11. Na4 Ba6 12. a3 Bc4 13. Qc2 O-O 14. b3 Bb5 15. Nb2 bxa3
16. Rxa3 e5 17. Nxe5 Nxe5 18. dxe5 Nd7 19. Nd3 Bxd3 20. exd3 Nxc5 21. Ra1 Qb6
22. Ba3 Rfe8 23. Rac1 Nxd3 24. Qxd3 Bxa3 25. Rc2 Rab8 26. Kf1 Bf8 27. f4 Qxb3
28. Qxb3 Rxb3 29. Rxc6 Rd8 30. f5 Bb4 31. Rd1 d4 32. e6 fxe6 33. fxe6 Re3 34.
Rdc1 d3 35. Rc8 Rf8+ 36. Rxf8+ Kxf8 37. Bh3 d2 38. Rc8+ Ke7 39. Rc7+ Kf6 40.
Rf7+ Kg5 41. Rxg7+ Kh6 0-1

[Event "Olimpiade 2014 - Open"]
[Site "Tromsø"]
[Date "04.08.2014"]
[Round "3.44"]
[Board "4"]
[White "Thanarotrung, Ratchaphon"]
[Black "Hambleton, Aman"]
[Result "1/2-1/2"]
[BlackTitle "IM"]
[WhiteElo "1951"]
[BlackElo "2458"]
[WhiteTeam "Thailand"]
[BlackTeam "Canada"]
[WhiteFideId "6201059"]
[BlackFideId "2606577"]
[EventDate "2014.08.02"]

1. d4 e6 2. Nf3 Nf6 3. c4 b6 4. Nc3 Bb7 5. e3 d5 6. Bd3 Be7 7. O-O O-O 8. b3
Nbd7 9. Bb2 c5 10. cxd5 exd5 11. Rc1 Re8 12. Ne2 Ne4 13. Ng3 Bf8 14. Bb5 a6 15.
Bxd7 Qxd7 16. dxc5 bxc5 17. Ne5 Qc7 18. Nxe4 dxe4 19. Qd7 Rac8 20. Rfd1 f6 21.
Qxc7 Rxc7 22. Nc4 Kf7 23. Bc3 Ke6 24. Rd2 Rd7 25. Rxd7 Kxd7 26. Rd1+ Ke6 27. Nb6
Bc6 28. Bb2 Rb8 29. Nc4 Bd5 30. Rc1 Be7 31. Kf1 h5 32. Ke2 g5 33. Ba3 Rb5 34.
Ke1 f5 35. Rc2 f4 36. Nb2 fxe3 37. fxe3 Bd6 38. h3 Ra5 39. Na4 c4 40. bxc4 Bxa3
41. cxd5+ Kxd5 42. Nb6+ Ke6 43. Ke2 Bd6 44. Rd2 Bb4 45. Rb2 Ba3 46. Rc2 Bd6 1/2-1/2

[Event "Olimpiade 2014 - Open"]
[Site "Tromsø"]
[Date "04.08.2014"]
[Round "3.45"]
[Board "1"]
[White "Al-Modiahki, Mohamad"]
[Black "Ranaivoharisoa, Alain"]
[Result "1-0"]
[WhiteTitle "GM"]
[BlackTitle "IM"]
[WhiteElo "2549"]
[BlackElo "2183"]
[WhiteTeam "Qatar"]
[BlackTeam "Madagascar"]
[WhiteFideId "12100030"]
[BlackFideId "13100025"]
[EventDate "2014.08.02"]

1. e4 c5 2. Nc3 Nc6 3. Nf3 e6 4. d4 cxd4 5. Nxd4 a6 6. Nxc6 bxc6 7. Bd3 g6 8.
Bf4 d6 9. Qd2 Bg7 10. Bc4 Ra7 11. Qxd6 Qb6 12. O-O-O Rd7 13. Qb8 Qxb8 14. Bxb8
Nf6 15. Rxd7 Nxd7 16. Bd6 Be5 17. Bxe5 Nxe5 18. Be2 Ke7 19. Rd1 Rd8 20. Rxd8
Kxd8 21. f4 Nd7 22. Kd2 f6 23. Ke3 Ke7 24. b4 Kd6 25. Na4 Bb7 26. g3 h6 27. h4
e5 28. Bg4 Nf8 29. Nc5 Kc7 30. fxe5 fxe5 31. Nd3 1-0